| 000 | 00915nam a2200217 a 4500 | ||
|---|---|---|---|
| 008 | 100726s1996 ||||||||||||||||| || u | ||
| 020 | _a9780333638354 | ||
| 050 | _aTH 435 See | ||
| 100 | _aSeeley, Ivor H | ||
| 245 | 1 | 0 | _aBuilding economics: appraisal and control of building design cost and efficiency. -- 4th ed. |
| 250 | _a4th ed. | ||
| 260 |
_aLondon _bPalgrave Macmillan _c1996 |
||
| 300 | _axvii, 502p.: ill. | ||
| 350 | _a0.00 | ||
| 490 | _aBuilding and surveying | ||
| 650 | _aBUILDING | ||
| 650 | _aBUILDING--ESTIMATES--GREAT BRITAIN | ||
| 650 | _aBUILDING ECONOMICS | ||
| 995 |
_aMAIN LIBRARY OPEN ACCESS _D0.00 _e741425 _FCBU-MAIN LIBRARY (Kitwe) _H1 _I0.00 _jTH 435 See _M2 _UAVAILABLE _WAug 13, 2010 _y741425 _ZMain Library Open Access Collection |
||
| 995 |
_aTEXTBOOKS (SBE) _D0.00 _e5307 _FCBU-SCHOOL TEXTBOOK COLLECTIONS _H1 _I0.00 _jSCHOOL TEXTBOOK _M1 _UAVAILABLE _WSep 4, 2009 _y5307 _ZSchool Collections |
||
| 999 |
_c77804 _d77804 |
||